El trabajo en la industria del salitre : 1880-1930 /

Detalles Bibliográficos
Autor principal: Apey Rivera, M. Angélica
Formato: Analitica de revista
Lenguaje:español

MARC

LEADER 00000cab a2200000 a 4500
001 030159
003 UAHC_CL
005 20170803123156.0
008 041104b xx j 000 1 spa
040 |a UAHC_CL  |c UAHC_CL  |d UAHC_CL 
100 1 |a Apey Rivera, M. Angélica 
245 1 3 |a El trabajo en la industria del salitre :  |b 1880-1930 /  |c M. Angélica Apey Rivera. 
500 |a APEY RIVERA, Ma. Angélica. El trabajo en la industria del salitre 1880-1930. Dimensión Histórica de Chile, (2): 63 - 141. 1985 
500 |a APEY RIVERA, Ma. Angélica. El trabajo en la industria del salitre 1880-1930. Dimensión Histórica de Chile, (2): 63 - 141. 1985 
759 |a PP054 
773 0 |t Dimensión histórica de Chile.  |w 030155 
900 |a DIMENS. HIST. CHILE-02/85 
942 |c REVA 
952 |0 0  |1 0  |4 0  |6 DIMENS___HIST__CHILE02_85_000000000000000  |7 0  |8 General  |9 59009  |a BC  |b BC  |c General  |d 2017-08-03  |l 0  |o DIMENS. HIST. CHILE-02/85  |p FICTICIO2161  |r 2019-01-08 00:00:00  |t 1  |w 2017-08-03  |y REVA 
999 |c 30159  |d 30159